| 000 | 00816nam a22002417a 4500 | ||
|---|---|---|---|
| 005 | 20140317134535.0 | ||
| 008 | 140317s2012 ii adk frbd 001 0 eng d | ||
| 020 | _a9788120345850 | ||
| 082 | 0 | 4 |
_222 _a660.63 _bINA |
| 100 | 1 | _aInamdar, Syed Tranveer Ahmed | |
| 245 | 1 | 0 |
_aBiochemical engineering : _bprinciples and concepts / _cSyed Tanveer Ahmed Inamdar. |
| 250 |
_a3rd ed., _bestern economy ed. |
||
| 260 |
_aNew Delhi : _bPHI Learning Private Limited, _c2012. |
||
| 300 |
_axxii, 442 p. : _bcharts, forms, tables ; _c24 cm. |
||
| 500 | _aIndex : p. 437-442. | ||
| 500 | _aGlossary : p. 429-434. | ||
| 500 | _aIncludes appendix. | ||
| 504 | _aBibliography : p. 435-436. | ||
| 650 | 0 |
_aBiochemical engineering _919460 |
|
| 653 |
_bENGCHE _cMarch2014 |
||
| 655 |
_vtext book _933728 |
||
| 942 |
_2ddc _k660.63 INA |
||
| 999 |
_c18119 _d18091 |
||